Shakespeare Plays by Synonym - Statistics

General Stats
  • This quiz has been taken 50 times
  • The average score is 12 of 18
Answer Stats
Hint Answer % Correct
The Salesperson of Veneto The Merchant of Venice
92%
A Great Deal of Fuss Over Nowt Much Ado About Nothing
81%
Storm Tempest
81%
Everything's Positive That Terminates Positively All's Well That Ends Well
78%
A Solstitial Nocturne's Vision A Midsummer Night's Dream
78%
Village Hamlet
78%
A Farce of Mistakes A Comedy of Errors
76%
However Thou Appreciates It As You Like It
76%
The Cheerful Spouses of Berkshire The Merry Wives of Windsor
73%
The Domestication of the Soricida The Taming of the Shrew
73%
Adoration's Work's Misplaced Love's Labour's Lost
70%
The Hibernal Story The Winter's Tale
70%
Quantum for Quantum Measure for Measure
65%
Duodenary Dusk Twelfth Night
62%
Tertiary Dick Richard III
59%
Sovereign Toilet King John
49%
Quinary Hal Henry V
43%
Reversi Othello
32%
No matching quizzes found
Score Distribution
Percent of People with Each Score
Percentile by Number Answered
Your Score History
You have not taken this quiz